TITAN

Bibliographic Details
Format: Serial
Language:Slovak
Published: Bratislava [s.n.]

MARC

LEADER 00000nas a2200000 a 4500
001 vtls011471834
003 SK-MaSNL
005 20260221120841.0
008 160210c1993 xo mr1 0 0slo d
040 |a SNK  |b slo  |c SNK 
041 |a slo 
044 |a xo  |c SK 
245 0 0 |a TITAN 
260 |a Bratislava  |b [s.n.]  |e Bratislava  |f Concordia Press 
500 |a Popis podľa: č. 1-23, r. 1993 
852 |a Slovenská národná knižnica v Martine  |h ČSA 1250/2/1993 
910 |a snk 
999 |c 6773  |d 8703 
952 |0 0  |1 0  |4 0  |7 0  |a SNK  |b SNK  |d 2016-02-10  |i snk2000/1048  |l 0  |o snkČSA 1250/2/1993  |p 17A0836565  |r 2026-02-21 22:02:15  |t č. 1-23, neúplný  |w 2026-02-21  |y PREZ  |z chýba č. 5 
952 |0 0  |1 0  |4 0  |7 0  |a SNK  |b SNK  |d 2016-02-10  |i snkČSP 1327/94  |l 0  |o snkČSA 1250/1992  |p 17A0836564  |r 2026-02-21 22:02:15  |t č. 1-9, úplný  |w 2026-02-21  |y PREZ